000
00349 a2200169 4500
001
188477
020
_a
85-262-6044-8
040
_c
Magnum
100
_a
Ludemir, JĂșlio
240
1
0
_a
Mais um pai
_l
por
245
1
0
_a
Mais um pai
300
_a
71
362
0
_a
2005
440
1
_a
Scipione
697
_a
LITERATURA INFANTO-JUVENIL
942
_c
BK
999
_c
188477
_d
188477